01508nam a2200241 a 450000100100000000500170001000800410002704000250006808200180009310000250011124501460013626001100028230000350039259000260042750502720045365000540072565000590077971000610083895201160089995201170101595201170113299900170124900004905020250116162810.0190716s2007 dr ac 000 0 spa d aDO-SdBNPbspacBNPHU a371.76bH344p1 aHasbun, Julia93580610aPrograma de educación afectivo sexual, (PEAS) República Dominicana :bestudio de línea de base /cEstudio realizado por : Julia Hasbun. aSanto Domingo,República Dominicana :bMinisterio de Educación ;bFondo de las Naciones Unidas,c2007. a80 p. :bil., retrs. ;c29 cm. aInventariado, 2019/VM0 aResumen ejecutivo -- Antecedentes -- Metodología -- Diseño cuantitativo -- Instrumento de medida -- Análisis de resultados cuantitativos -- Diseño cualitativo -- Resultados cuantitativos -- Resultados cualitativos -- Conclusiones generales -- Recomendaciones. 4aEducación sexualzRepública Dominicana952271 4aSexualidadxEnseñanzazRepública Cominicana9764481 aRepública DominicanabMinisterio de Educación972019 0010718PDaPDbPDcHDd2019-07-16iLF1l0o371.76 H344pp49051-10r2020-06-25w2020-06-25yLFPDZNo se presta 00107-18PDaPDbPDcOId2019-07-16iLF1l0o371.76 H344pp49052-10r2020-06-25w2020-06-25yLFPDZNo se presta 00107-18PDaPDbPDcOId2019-07-16iLF1l0o371.76 H344pp49052-20r2020-06-25w2020-06-25yLFPDZNo se presta c48538d48538